000 00700nam a2200289Ia 4500
005 20260324113128.0
008 008 260324s9999 xx 000 0 eng d
020 _a9781003388784
037 _aEBOOK
040 _aCRL
040 _beng
040 _cCRL
041 _2eng
041 _aeng
084 _qCRL
100 _aEdward T. O'Donnell
_91145535
245 4 _aThe Pullman Strike
245 2 _bA Gilded Age Clash between Labor, Capital, and Government
260 _bTaylor and Francis
260 _c2024
365 _a
365 _b240
856 _uhttp://www.taylorfrancis.com/books/9781003388784
942 _cEBOOK
999 _c1735026
_d1735026